[Event "Zagnansk op"]
[Site "Zagnansk"]
[Date "2022.05.02"]
[Round "4"]
[White "Kulesza, Andrzej"]
[Black "Mika, Tomasz"]
[Result "1-0"]
[WhiteElo "1998"]
[BlackElo "2202"]
[PlyCount "75"]
[EventDate "2022.04.29"]
[EventType "swiss"]
[EventRounds "9"]
[EventCountry "POL"]
[SourceTitle "CBM 208 Extra"]
[Source "ChessBase"]
[SourceDate "2022.07.31"]
[SourceVersion "1"]
[SourceVersionDate "2022.07.31"]
[SourceQuality "1"]

1. e4 c6 2. d4 d5 3. Nd2 dxe4 4. Nxe4 Bf5 5. Ng3 Bg6 6. h4 h6 7. Nf3 Nd7 8. h5 Bh7 9. Bd3 Bxd3 10. Qxd3 e6 11. Bd2 Ngf6 12. 0-0-0 Be7 13. Kb1 0-0 14. Ne4 c5 15. Nxf6+ Bxf6 16. Bc3 Qc7 17. g4 c4 18. Qe3 Nb6 19. Ba5 Qc6 20. Bxb6 axb6 21. c3 Ra5 22. Nd2 Rfa8 23. a3 Be7 24. Qe2 Rc8 25. Qe4 Rd5 26. Rde1 Qa4 27. Kc1 b5 28. Nb1 Rcd8 29. f4 Bf6 30. Qc2 Qa6 31. Rhg1 Qd6 32. Ref1 Be7 33. Nd2 f6 34. Qg6 e5 35. Ne4 Qd7 36. g5 fxg5 37. fxg5 Bxg5+ 38. Rxg5 1-0

[Event "Krakow op-B 28th"]
[Site "Krakow"]
[Date "2018.01.04"]
[Round "9"]
[White "Zarnowski, Krzysztof"]
[Black "Mika, Tomasz"]
[Result "1-0"]
[WhiteElo "2031"]
[BlackElo "2007"]
[PlyCount "67"]
[EventDate "2017.12.27"]
[EventType "swiss"]
[EventRounds "9"]
[EventCountry "POL"]
[SourceTitle "CBM 182 Extra"]
[Source "ChessBase"]
[SourceDate "2018.02.23"]
[SourceVersion "1"]
[SourceVersionDate "2018.02.23"]
[SourceQuality "1"]

1. d4 d5 2. c4 c6 3. Nf3 Nf6 4. Nc3 dxc4 5. a4 Bf5 6. e3 e6 7. Bxc4 Bb4 8. 0-0 Nbd7 9. Qe2 0-0 10. e4 Bg6 11. e5 Nd5 12. Nxd5 cxd5 13. Bd3 a6 14. Bxg6 hxg6 15. Ng5 Be7 16. f4 Qb6 17. Be3 Rac8 18. Qg4 Rc2 19. Rf3 Qxb2 20. Raf1 Bxg5 21. fxg5 b5 22. axb5 axb5 23. Kh1 Qc3 24. Bg1 Qc4 25. Qh4 Qe2 26. R1f2 Qe4 27. Rf4 Qd3 28. R2f3 Qd2 29. Qh3 Rc1 30. Rh4 f5 31. gxf6 gxf6 32. exf6 Kf7 33. Rh7+ Ke8 34. Qxe6+ 1-0

[Event "Krakow op-B 28th"]
[Site "Krakow"]
[Date "2018.01.03"]
[Round "8"]
[White "Janus, Przemyslaw"]
[Black "Mika, Tomasz"]
[Result "1/2-1/2"]
[WhiteElo "2071"]
[BlackElo "2007"]
[PlyCount "21"]
[EventDate "2017.12.27"]
[EventType "swiss"]
[EventRounds "9"]
[EventCountry "POL"]
[SourceTitle "CBM 182 Extra"]
[Source "ChessBase"]
[SourceDate "2018.02.23"]
[SourceVersion "1"]
[SourceVersionDate "2018.02.23"]
[SourceQuality "1"]

1. Nf3 Nf6 2. g3 g6 3. Bg2 Bg7 4. 0-0 0-0 5. d3 d6 6. e4 e5 7. Nc3 c5 8. Nh4 Nc6 9. f4 exf4 10. Bxf4 Ng4 11. Qd2 1/2-1/2

[Event "Krakow op-B 28th"]
[Site "Krakow"]
[Date "2018.01.02"]
[Round "7"]
[White "Mika, Tomasz"]
[Black "Staberhofer, Rainer"]
[Result "1-0"]
[WhiteElo "2007"]
[BlackElo "2027"]
[PlyCount "55"]
[EventDate "2017.12.27"]
[EventType "swiss"]
[EventRounds "9"]
[EventCountry "POL"]
[SourceTitle "CBM 182 Extra"]
[Source "ChessBase"]
[SourceDate "2018.02.23"]
[SourceVersion "1"]
[SourceVersionDate "2018.02.23"]
[SourceQuality "1"]

1. e4 d5 2. exd5 Qxd5 3. Nc3 Qe5+ 4. Be2 c6 5. d4 Qc7 6. Nf3 Bf5 7. Ne5 Nd7 8. Bf4 Nxe5 9. Bxe5 Qa5 10. a3 Nf6 11. 0-0 e6 12. b4 Qd8 13. Bf3 Nd5 14. Nxd5 cxd5 15. c4 f6 16. g4 fxe5 17. gxf5 Qg5+ 18. Kh1 e4 19. Qa4+ Kd8 20. fxe6 Qe7 21. Qa5+ Kc8 22. Bg2 Qxe6 23. cxd5 Qb6 24. Rac1+ Kd8 25. Qa4 Bd6 26. Bh3 Ke7 27. Qd7+ Kf8 28. Rc8+ 1-0

[Event "Krakow op-B 28th"]
[Site "Krakow"]
[Date "2017.12.30"]
[Round "5"]
[White "Mika, Tomasz"]
[Black "Nikitin, Aleksander I"]
[Result "0-1"]
[WhiteElo "2007"]
[BlackElo "2018"]
[PlyCount "64"]
[EventDate "2017.12.27"]
[EventType "swiss"]
[EventRounds "9"]
[EventCountry "POL"]
[SourceTitle "CBM 182 Extra"]
[Source "ChessBase"]
[SourceDate "2018.02.23"]
[SourceVersion "1"]
[SourceVersionDate "2018.02.23"]
[SourceQuality "1"]

1. e4 d5 2. exd5 Qxd5 3. Nc3 Qd6 4. d4 Nf6 5. Nf3 a6 6. g3 b5 7. Bg2 Bb7 8. 0-0 e6 9. Bf4 Qb6 10. Qe2 Be7 11. a4 c6 12. Ng5 b4 13. Nce4 0-0 14. Nd6 Nbd7 15. c4 a5 16. Rfe1 Bxd6 17. Bxd6 Rfe8 18. c5 Qa7 19. h4 Rac8 20. b3 Ba6 21. Qf3 h6 22. Nh3 Nd5 23. Rad1 e5 24. dxe5 Nxc5 25. Qf5 Nc3 26. Rc1 Nd3 27. Rxc3 bxc3 28. Be4 g6 29. Qg4 Rcd8 30. h5 Bc8 31. Qh4 Bxh3 32. hxg6 Qxf2+ 0-1

[Event "Krakow op-B 27th"]
[Site "Krakow"]
[Date "2017.01.03"]
[Round "8"]
[White "Popiol, Michal"]
[Black "Mika, Tomasz"]
[Result "0-1"]
[WhiteElo "2006"]
[BlackElo "2022"]
[PlyCount "126"]
[EventDate "2016.12.27"]
[EventType "swiss"]
[EventRounds "9"]
[EventCountry "POL"]
[SourceTitle "CBM 176 Extra"]
[Source "ChessBase"]
[SourceDate "2017.03.02"]
[SourceVersion "1"]
[SourceVersionDate "2017.03.02"]
[SourceQuality "1"]

1. d4 d5 2. c4 c6 3. Nf3 Nf6 4. Nc3 dxc4 5. a4 Bf5 6. Ne5 Nbd7 7. Nxc4 Nb6 8. Ne3 Be6 9. a5 Nc4 10. Nxc4 Bxc4 11. Qa4 Ba6 12. e4 Bxf1 13. Rxf1 e6 14. f3 Be7 15. Kf2 0-0 16. Be3 Ne8 17. Kg1 Nc7 18. Rad1 a6 19. Rd2 Nb5 20. Rfd1 Qc7 21. Ne2 Rad8 22. Kh1 Rd7 23. Rc2 Qb8 24. Qc4 Qd8 25. Ra1 Qb8 26. Nc3 Rfd8 27. Rd2 Qd6 28. Nxb5 axb5 29. Qc2 Ra8 30. Rdd1 Ra6 31. d5 exd5 32. exd5 cxd5 33. b4 Rc6 34. Qf5 g6 35. Qg4 Qe6 36. Qxe6 fxe6 37. Rac1 Rxc1 38. Rxc1 Bxb4 39. Bd4 Bxa5 40. Be5 Bd8 41. Kg1 Kf7 42. Kf2 Bf6 43. Bxf6 Kxf6 44. Ke3 Rd6 45. Rc7 Rb6 46. Rxh7 b4 47. Kd2 b3 48. Kc1 b2+ 49. Kb1 d4 50. h4 Ke5 51. Rd7 Rb3 52. g4 Rxf3 53. Kxb2 Rf4 54. h5 Rxg4 55. h6 Rh4 56. h7 b5 57. Kb3 Ke4 58. Kb4 e5 59. Kxb5 Ke3 60. Kc4 d3+ 61. Kc3 e4 62. Re7 g5 63. Rg7 d2 0-1

[Event "POL-chT3 Podkarpackie"]
[Site "Czudec"]
[Date "2016.06.19"]
[Round "8.15"]
[White "Mika, Tomasz"]
[Black "Ziemniak, Piotr"]
[Result "1-0"]
[WhiteElo "2051"]
[BlackElo "1769"]
[PlyCount "131"]
[EventDate "2016.05.27"]
[EventType "team-tourn"]
[EventRounds "9"]
[EventCountry "POL"]
[SourceTitle "EXT 2018"]
[Source "ChessBase"]
[SourceDate "2017.10.13"]
[SourceVersion "1"]
[SourceVersionDate "2017.10.13"]
[SourceQuality "1"]
[WhiteTeam "Czarna LKSz GCKiP II"]
[BlackTeam "Rzeszow RzKSz"]
[WhiteTeamCountry "POL"]
[BlackTeamCountry "POL"]

1. e4 c5 2. Nf3 d6 3. d4 cxd4 4. Qxd4 a6 5. Be3 Nc6 6. Qb6 Qxb6 7. Bxb6 g6 8. Nc3 e6 9. 0-0-0 Nf6 10. Bc7 Ng4 11. Bb6 f5 12. Bd3 Be7 13. Rhe1 Kf7 14. h3 Nge5 15. Nxe5+ Nxe5 16. Be2 fxe4 17. Nxe4 d5 18. Bd4 dxe4 19. Bxe5 Rf8 20. Bf1 Ke8 21. Bd4 Bg5+ 22. Kb1 e3 23. Bxe3 Bxe3 24. fxe3 Bd7 25. Rd2 Ke7 26. Bd3 Bc6 27. b3 Rf6 28. h4 Raf8 29. h5 gxh5 30. Rh1 Rf2 31. Rxf2 Rxf2 32. Rxh5 Rxg2 33. Rxh7+ Kd6 34. Rh3 e5 35. Kb2 e4 36. Bc4 b5 37. Bf7 Rf2 38. Rh6+ Kc7 39. Bh5 Rh2 40. Kc3 a5 41. a3 b4+ 42. axb4 axb4+ 43. Kxb4 Rxc2 44. Bf7 Rf2 45. Bc4 Rf3 46. Kc5 Rf5+ 47. Kd4 Rg5 48. b4 Rf5 49. Re6 Bb7 50. Re5 Rf2 51. Kc5 Rc2 52. Re7+ Kb8 53. b5 Rc3 54. Kd4 Rc1 55. b6 Rd1+ 56. Kc5 Rd8 57. Be6 Ba8 58. Bd7 Bb7 59. Re8 Rxe8 60. Bxe8 Ba6 61. Bc6 Bd3 62. Kd4 Bf1 63. Bxe4 Be2 64. Bc6 Bf1 65. Kc5 Bh3 66. Kd6 1-0

[Event "POL-chT3 Podkarpackie"]
[Site "Czudec"]
[Date "2016.06.18"]
[Round "7.14"]
[White "Mika, Tomasz"]
[Black "Uryasz, Tomasz"]
[Result "1-0"]
[WhiteElo "2051"]
[BlackElo "1582"]
[PlyCount "168"]
[EventDate "2016.05.27"]
[EventType "team-tourn"]
[EventRounds "9"]
[EventCountry "POL"]
[SourceTitle "EXT 2018"]
[Source "ChessBase"]
[SourceDate "2017.10.13"]
[SourceVersion "1"]
[SourceVersionDate "2017.10.13"]
[SourceQuality "1"]
[WhiteTeam "Czarna LKSz GCKiP II"]
[BlackTeam "Pilzno GKSz Hetman II"]
[WhiteTeamCountry "POL"]
[BlackTeamCountry "POL"]

1. e4 e5 2. Nc3 Nf6 3. Bc4 Bb4 4. Nf3 Nc6 5. Nd5 Ba5 6. 0-0 0-0 7. d4 Nxd5 8. exd5 Nxd4 9. Nxe5 Nf5 10. Qh5 d6 11. Ng4 Qh4 12. Qxh4 Nxh4 13. Ne3 Nf5 14. c3 Bb6 15. Re1 Bd7 16. Nxf5 Bxf5 17. a4 a6 18. a5 Ba7 19. Bd2 Rfe8 20. Rxe8+ Rxe8 21. Kf1 Kf8 22. Re1 Rxe1+ 23. Kxe1 Ke7 24. Bg5+ f6 25. Bd2 Kd7 26. f3 Bg6 27. g3 c6 28. Ke2 Kc7 29. dxc6 Kxc6 30. Be3 Bb8 31. Bb3 Bc7 32. Ba4+ Kd5 33. b4 Kc4 34. Kd2 Bf5 35. g4 Bg6 36. Bd7 Bf7 37. Bf5 h6 38. Kc2 Kb5 39. h4 Kc6 40. h5 Bd5 41. f4 Bf3 42. Kd3 d5 43. Kd2 b6 44. axb6 Bxb6 45. Bxb6 Kxb6 46. Kd3 Bd1 47. Kd4 Bf3 48. Be6 Kc6 49. Kd3 Be4+ 50. Ke3 Bc2 51. Kd4 Bb3 52. Bf5 Bd1 53. Bc8 Be2 54. Ke3 Bc4 55. Bf5 Bb3 56. Bd3 Kb6 57. Kd4 Ba2 58. Be2 Bb3 59. Bd3 Ba2 60. Ke3 Bb3 61. Kd2 Ba4 62. Bb1 Bd7 63. f5 Kc6 64. Ke3 Kd6 65. Bd3 Bc8 66. Kd4 Bb7 67. Be2 Bc8 68. Bf3 Bb7 69. c4 Bc6 70. Bxd5 Ba4 71. Bf3 Bb3 72. b5 axb5 73. cxb5 Kc7 74. Kc5 Bc2 75. b6+ Kd7 76. b7 Kc7 77. b8Q+ Kxb8 78. Kd6 Kc8 79. Ke7 Bb3 80. Kf8 Kd8 81. Kxg7 Ke7 82. Bb7 Bd1 83. g5 hxg5 84. h6 g4 1-0

[Event "Krakow op-B 26th"]
[Site "Krakow"]
[Date "2016.01.03"]
[Round "8"]
[White "Mika, Tomasz"]
[Black "Heinrici, Simon"]
[Result "1/2-1/2"]
[WhiteElo "2016"]
[BlackElo "2068"]
[PlyCount "44"]
[EventDate "2015.12.27"]
[EventType "swiss"]
[EventRounds "9"]
[EventCountry "POL"]
[SourceTitle "CBM 170 Extra"]
[Source "ChessBase"]
[SourceDate "2016.02.25"]
[SourceVersion "1"]
[SourceVersionDate "2016.02.25"]
[SourceQuality "1"]

1. c4 e5 2. Nc3 Bb4 3. g3 Bxc3 4. dxc3 d6 5. Bg2 Ne7 6. Nf3 Nbc6 7. 0-0 0-0 8. c5 dxc5 9. Be3 Qxd1 10. Rfxd1 c4 11. Bc5 f6 12. Nd2 Re8 13. Nxc4 Be6 14. Ne3 Rad8 15. b3 b6 16. Ba3 Kf7 17. Kf1 Rxd1+ 18. Rxd1 Rd8 19. Ke1 Rxd1+ 20. Kxd1 Na5 21. Bxe7 Kxe7 22. Kd2 Kd6 1/2-1/2

[Event "Krakow op-B 26th"]
[Site "Krakow"]
[Date "2016.01.02"]
[Round "6"]
[White "Skliarov, Olexandr"]
[Black "Mika, Tomasz"]
[Result "1/2-1/2"]
[WhiteElo "2089"]
[BlackElo "2016"]
[PlyCount "121"]
[EventDate "2015.12.27"]
[EventType "swiss"]
[EventRounds "9"]
[EventCountry "POL"]
[SourceTitle "CBM 170 Extra"]
[Source "ChessBase"]
[SourceDate "2016.02.25"]
[SourceVersion "1"]
[SourceVersionDate "2016.02.25"]
[SourceQuality "1"]

1. d4 d5 2. c4 c6 3. Nc3 Nf6 4. Nf3 dxc4 5. a4 Bf5 6. e3 e6 7. Bxc4 Bb4 8. 0-0 Nbd7 9. h3 h6 10. Qb3 a5 11. Na2 Be7 12. Rd1 Qb6 13. Nc3 0-0 14. Bd2 Rfd8 15. Rac1 Qxb3 16. Bxb3 Nb6 17. Bc2 Bxc2 18. Rxc2 Bb4 19. b3 Rac8 20. Ne5 Nbd5 21. Nxd5 cxd5 22. Rxc8 Rxc8 23. Rc1 Rxc1+ 24. Bxc1 Kf8 25. f3 Ke7 26. Nd3 Bd6 27. Bd2 b6 28. Kf2 Bc7 29. Ke2 Bd6 30. Bc3 Kd7 31. Nf2 Kc6 32. g4 Kd7 33. Nd3 Kc6 34. Be1 Kd7 35. Bh4 Ne8 36. e4 Nc7 37. Be1 Kc6 38. Bd2 Na6 39. e5 Bf8 40. f4 Nb4 41. Bxb4 Bxb4 42. f5 Kd7 43. h4 Ba3 44. h5 Ke7 45. Kd2 Bb4+ 46. Kc2 Kf8 47. Nf4 Ke7 48. Kd3 Ba3 49. Kc2 Bb4 50. fxe6 fxe6 51. Nh3 Ba3 52. g5 hxg5 53. Nxg5 Bb4 54. Kd1 Ba3 55. Kd2 Bb4+ 56. Ke3 Ba3 57. Kd2 Bb4+ 58. Ke2 Ba3 59. Nh3 Bb4 60. Nf2 Kf7 61. Nh3 1/2-1/2

[Event "Krakow op-B 26th"]
[Site "Krakow"]
[Date "2015.12.31"]
[Round "5"]
[White "Mika, Tomasz"]
[Black "Czerw, Dawid"]
[Result "1/2-1/2"]
[WhiteElo "2016"]
[BlackElo "2088"]
[PlyCount "35"]
[EventDate "2015.12.27"]
[EventType "swiss"]
[EventRounds "9"]
[EventCountry "POL"]
[SourceTitle "CBM 170 Extra"]
[Source "ChessBase"]
[SourceDate "2016.02.25"]
[SourceVersion "1"]
[SourceVersionDate "2016.02.25"]
[SourceQuality "1"]

1. c4 g6 2. Nc3 Bg7 3. Nf3 Nf6 4. g3 0-0 5. Bg2 d6 6. 0-0 e5 7. d3 h6 8. Rb1 Nh5 9. b4 f5 10. Qb3 Kh7 11. b5 Nd7 12. Na4 Nb6 13. c5 Nxa4 14. Qxa4 d5 15. d4 e4 16. Ne5 Be6 17. f4 Nf6 18. Ng4 1/2-1/2

[Event "Krakow op-B 26th"]
[Site "Krakow"]
[Date "2015.12.27"]
[Round "1"]
[White "Mika, Tomasz"]
[Black "Golecki, Jan"]
[Result "1-0"]
[WhiteElo "2016"]
[BlackElo "1862"]
[PlyCount "85"]
[EventDate "2015.12.27"]
[EventType "swiss"]
[EventRounds "9"]
[EventCountry "POL"]
[SourceTitle "CBM 170 Extra"]
[Source "ChessBase"]
[SourceDate "2016.02.25"]
[SourceVersion "1"]
[SourceVersionDate "2016.02.25"]
[SourceQuality "1"]

1. c4 e5 2. Nc3 Nc6 3. Nf3 f5 4. g3 d6 5. d3 Nf6 6. Bg2 g6 7. 0-0 Bg7 8. Rb1 Ne7 9. b4 c6 10. c5 d5 11. d4 exd4 12. Nxd4 Ne4 13. Bb2 0-0 14. f3 Nxc3 15. Bxc3 f4 16. b5 Bf5 17. bxc6 bxc6 18. Rb7 Rf7 19. gxf4 Bc8 20. Rb4 Rxf4 21. e3 Bxd4 22. Rxd4 Rf7 23. e4 Qc7 24. Rb4 g5 25. Qd4 Kf8 26. Qh8+ Ng8 27. Be5 Qd8 28. Bd6+ Re7 29. exd5 Ba6 30. Re4 Qxd6 31. cxd6 Rxe4 32. fxe4+ Bxf1 33. Bxf1 cxd5 34. e5 Kf7 35. Bh3 Kg6 36. e6 Rc8 37. d7 Rc1+ 38. Bf1 Nf6 39. d8Q Ng4 40. e7 Ne3 41. e8B+ Kf5 42. Qdf6+ Ke4 43. Qxh7+ 1-0

[Event "Krakow op-B 25th"]
[Site "Krakow"]
[Date "2014.12.31"]
[Round "6"]
[White "Mika, Tomasz"]
[Black "Walentukiewicz, Michal"]
[Result "0-1"]
[WhiteElo "2009"]
[BlackElo "2087"]
[PlyCount "102"]
[EventDate "2014.12.27"]
[EventType "swiss"]
[EventRounds "9"]
[EventCountry "POL"]
[SourceTitle "CBM 164 Extra"]
[Source "ChessBase"]
[SourceDate "2015.03.02"]
[SourceVersion "1"]
[SourceVersionDate "2015.03.02"]
[SourceQuality "1"]

1. e4 g6 2. d4 Bg7 3. Nc3 c5 4. d5 d6 5. Nf3 Nf6 6. h3 0-0 7. Bg5 Na6 8. Qd2 Nc7 9. a4 Rb8 10. Bh6 a6 11. a5 b5 12. axb6 Rxb6 13. Ra2 e6 14. Be2 exd5 15. exd5 Rb4 16. 0-0 Bb7 17. b3 Nfxd5 18. Nxd5 Bxd5 19. Rd1 Bxf3 20. gxf3 Rd4 21. Bd3 Bxh6 22. Qxh6 Rh4 23. Qd2 Rxh3 24. Bf1 Rxf3 25. Qxd6 Qg5+ 26. Bg2 Ne6 27. Rd5 Qg4 28. Ra4 Nf4 29. Rxf4 Rxf4 30. Qxc5 Re8 31. Re5 Rxe5 32. Qxe5 Qd1+ 33. Kh2 Rxf2 34. Qe8+ Kg7 35. Qe5+ Rf6 36. c4 Qxb3 37. c5 Qe6 38. Qc3 Qd7 39. c6 Qc7+ 40. Kg1 a5 41. Qd4 a4 42. Qxa4 Re6 43. Qc4 Re7 44. Qb4 Qe5 45. Qc4 f5 46. Kh1 g5 47. Kg1 h5 48. Kh1 g4 49. Bf1 Qe4+ 50. Qxe4 fxe4 51. Kg2 Kf6 0-1

[Event "Krakow op-B 25th"]
[Site "Krakow"]
[Date "2014.12.28"]
[Round "3"]
[White "Dmochowska, Agnieszka"]
[Black "Mika, Tomasz"]
[Result "0-1"]
[WhiteElo "1916"]
[BlackElo "2009"]
[PlyCount "102"]
[EventDate "2014.12.27"]
[EventType "swiss"]
[EventRounds "9"]
[EventCountry "POL"]
[SourceTitle "CBM 164 Extra"]
[Source "ChessBase"]
[SourceDate "2015.03.02"]
[SourceVersion "1"]
[SourceVersionDate "2015.03.02"]
[SourceQuality "1"]

1. e4 c5 2. c3 e6 3. d4 cxd4 4. cxd4 d5 5. exd5 Qxd5 6. Nc3 Bb4 7. Nf3 Nc6 8. Be2 Nf6 9. 0-0 Bxc3 10. bxc3 0-0 11. Bd3 b6 12. Qe2 h6 13. Rd1 Bb7 14. Ba3 Rfd8 15. Rac1 Rac8 16. c4 Qh5 17. Bb1 Na5 18. Be7 Bxf3 19. gxf3 Rxd4 20. Bxf6 Rxd1+ 21. Rxd1 gxf6 22. Kh1 Qe5 23. Qd2 Kf8 24. Qxh6+ Ke7 25. Qd2 Qc7 26. Qb4+ Qc5 27. Qa4 Rc6 28. Be4 Rd6 29. Rxd6 Qxd6 30. Kg2 f5 31. Bc2 Qc5 32. Bd3 Qc6 33. Qc2 Nb7 34. Qe2 Nd6 35. h4 Qc5 36. Qd2 Qd4 37. Qg5+ Kd7 38. Bf1 Qh8 39. h5 f6 40. Qg6 Ke7 41. h6 Nf7 42. Qg3 e5 43. f4 Qxh6 44. Qa3+ Ke8 45. Be2 Qxf4 46. Qxa7 Ng5 47. Qa8+ Kf7 48. Qd5+ Kg7 49. Qd7+ Kh6 50. Qc6 Qe4+ 51. Qxe4 Nxe4 0-1

[Event "Krakow op-B 25th"]
[Site "Krakow"]
[Date "2014.12.28"]
[Round "2"]
[White "Mika, Tomasz"]
[Black "Janus, Przemyslaw"]
[Result "0-1"]
[WhiteElo "2009"]
[BlackElo "2081"]
[PlyCount "104"]
[EventDate "2014.12.27"]
[EventType "swiss"]
[EventRounds "9"]
[EventCountry "POL"]
[SourceTitle "CBM 164 Extra"]
[Source "ChessBase"]
[SourceDate "2015.03.02"]
[SourceVersion "1"]
[SourceVersionDate "2015.03.02"]
[SourceQuality "1"]

1. e4 d5 2. exd5 Qxd5 3. Nc3 Qa5 4. d4 c6 5. Nf3 Bg4 6. h3 Bxf3 7. Qxf3 e6 8. Bd2 Qc7 9. 0-0-0 Nf6 10. g4 Bb4 11. Kb1 Nbd7 12. g5 Bxc3 13. Bxc3 Nd5 14. Bd2 b5 15. h4 Qb6 16. c3 Rb8 17. h5 c5 18. Re1 0-0 19. Qg4 b4 20. cxb4 Nxb4 21. dxc5 Qxc5 22. Rc1 Qd6 23. Bc3 Nd5 24. g6 Nxc3+ 25. Rxc3 Rxb2+ 26. Kxb2 Qd2+ 27. Kb3 Rb8+ 28. Qb4 Nc5+ 29. Ka3 Rxb4 30. Kxb4 a5+ 31. Kxc5 Qxc3+ 32. Bc4 Qb4+ 33. Kd4 Qd2+ 34. Kc5 Qxf2+ 35. Kb5 Qf5+ 36. Kb6 hxg6 37. hxg6 Qxg6 38. Kxa5 Qe4 39. Rc1 g5 40. a4 g4 41. Kb4 Qe3 42. Rc3 Qb6+ 43. Bb5 Qd4+ 44. Bc4 f5 45. a5 f4 46. Rd3 Qb2+ 47. Kc5 Qf2+ 48. Kd6 g3 49. Kxe6 Qc5 50. Bd5 Kg7 51. Be4 Qc4+ 52. Kf5 Qxd3 0-1

[Event "Krakow op-A 24th"]
[Site "Krakow"]
[Date "2014.01.03"]
[Round "8"]
[White "Mika, Tomasz"]
[Black "Kaczmarek, Aleksander"]
[Result "1-0"]
[WhiteElo "1965"]
[BlackElo "2201"]
[PlyCount "101"]
[EventDate "2013.12.27"]
[EventType "swiss"]
[EventRounds "9"]
[EventCountry "POL"]
[SourceTitle "CBM 158 Extra"]
[Source "ChessBase"]
[SourceDate "2014.02.28"]
[SourceVersion "1"]
[SourceVersionDate "2014.02.28"]
[SourceQuality "1"]

1. e4 c6 2. d4 d5 3. exd5 cxd5 4. c4 Nf6 5. Nc3 Be6 6. c5 g6 7. Nf3 Bg7 8. h3 0-0 9. Bd3 Nc6 10. 0-0 Qc8 11. Bf4 Bf5 12. Re1 Nb4 13. Bxf5 Qxf5 14. Bh2 Ne4 15. a3 Nc6 16. Re2 Ng5 17. Ne5 Nxe5 18. Bxe5 f6 19. Nxd5 Qd7 20. Nxe7+ Qxe7 21. Bd6 Qd7 22. Bxf8 Rxf8 23. h4 Nf7 24. d5 Ne5 25. d6 Rf7 26. Qd5 h5 27. f4 Nc6 28. b4 a6 29. Rae1 Kh7 30. Re6 f5 31. Kh2 Bf6 32. g3 Kg7 33. Qc4 Kf8 34. Kh3 Qd8 35. a4 Nd4 36. R6e3 Qd7 37. Rd1 Nc6 38. b5 axb5 39. axb5 Nd8 40. Rc1 Qc8 41. c6 bxc6 42. bxc6 Kg7 43. c7 Nb7 44. Qc6 Rd7 45. Qxd7+ Qxd7 46. c8Q Qxc8 47. Rxc8 Nxd6 48. Rc7+ Kf8 49. Re6 Ne4 50. Ra6 Bd8 51. Ra8 1-0

[Event "Krakow op-A 24th"]
[Site "Krakow"]
[Date "2013.12.29"]
[Round "4"]
[White "Dietmayer Kraeutler, Marco"]
[Black "Mika, Tomasz"]
[Result "1-0"]
[WhiteElo "2213"]
[BlackElo "1965"]
[PlyCount "52"]
[EventDate "2013.12.27"]
[EventType "swiss"]
[EventRounds "9"]
[EventCountry "POL"]
[SourceTitle "CBM 158 Extra"]
[Source "ChessBase"]
[SourceDate "2014.02.28"]
[SourceVersion "1"]
[SourceVersionDate "2014.02.28"]
[SourceQuality "1"]

1. d4 Nf6 2. c4 g6 3. Nc3 Bg7 4. e4 d6 5. Nf3 0-0 6. Be2 e5 7. 0-0 Nc6 8. d5 Ne7 9. b4 a5 10. Ba3 axb4 11. Bxb4 Nd7 12. a4 f5 13. Ng5 Nf6 14. c5 h6 15. cxd6 cxd6 16. Ne6 Bxe6 17. dxe6 Ne8 18. Qb3 Kh7 19. Ba3 Rb8 20. Bb5 fxe4 21. Nxe4 Nf5 22. Bd7 Nd4 23. Qd5 Ne2+ 24. Kh1 Qh4 25. Rae1 Nf4 26. Qb3 Nh5 1-0

[Event "Krakow op-A 24th"]
[Site "Krakow"]
[Date "2013.12.27"]
[Round "1"]
[White "Papadakis, Michalis"]
[Black "Mika, Tomasz"]
[Result "1/2-1/2"]
[WhiteElo "2222"]
[BlackElo "1965"]
[PlyCount "94"]
[EventDate "2013.12.27"]
[EventType "swiss"]
[EventRounds "9"]
[EventCountry "POL"]
[SourceTitle "CBM 158 Extra"]
[Source "ChessBase"]
[SourceDate "2014.02.28"]
[SourceVersion "1"]
[SourceVersionDate "2014.02.28"]
[SourceQuality "1"]

1. d4 Nf6 2. Bg5 g6 3. Bxf6 exf6 4. c4 Bg7 5. g3 0-0 6. Bg2 c5 7. dxc5 Qa5+ 8. Nd2 f5 9. Qc2 Nc6 10. Ngf3 Qxc5 11. 0-0 d5 12. Rac1 dxc4 13. Qxc4 Qe7 14. b3 Rd8 15. e3 Be6 16. Qe2 Bd5 17. Rfd1 Rac8 18. Nb1 a6 19. h4 h6 20. Kf1 Qb4 21. Ne1 Bxg2+ 22. Kxg2 Ne5 23. Rxc8 Rxc8 24. Rd4 Qe7 25. Rd1 Kh7 26. Nd2 Qc7 27. Ndf3 Nc6 28. Nd3 Rd8 29. Nf4 Rxd1 30. Qxd1 Qe7 31. Qd5 Nb4 32. Qd2 Qe4 33. Nh3 Nc6 34. Nhg1 Ne5 35. Qd1 Ng4 36. Kf1 b5 37. Ke2 Bf6 38. Nh3 Kg7 39. Qd3 Qe7 40. Nf4 Qa3 41. Qc2 Qd6 42. Qd2 Qc6 43. Nd4 Qh1 44. Qe1 Qe4 45. Qd2 Qh1 46. Qe1 Qe4 47. Qd2 Qh1 1/2-1/2

[Event "Ogolnopolski-ch 55th"]
[Site "Zamosc"]
[Date "2013.??.??"]
[Round "7"]
[White "Mika, Tomasz"]
[Black "Czajkowski, Adam"]
[Result "1-0"]
[WhiteElo "1938"]
[BlackElo "1917"]
[PlyCount "131"]
[EventDate "2013.06.07"]
[EventType "swiss"]
[EventRounds "9"]
[EventCountry "POL"]
[SourceTitle "EXT 2014"]
[Source "ChessBase"]
[SourceDate "2013.11.20"]
[SourceVersion "1"]
[SourceVersionDate "2013.11.20"]
[SourceQuality "1"]

1. e4 c5 2. Nf3 e6 3. d4 cxd4 4. Nxd4 a6 5. Nc3 Qc7 6. Bd3 Nc6 7. Nb3 b5 8. Qe2 Nf6 9. Bd2 Bb7 10. 0-0 Be7 11. Rae1 d6 12. f4 h5 13. a4 b4 14. Nd1 d5 15. e5 Ng4 16. h3 Qb6+ 17. Ne3 Nxe3 18. Bxe3 d4 19. Bd2 g6 20. Kh2 Na5 21. Nxa5 Qxa5 22. b3 0-0 23. f5 exf5 24. Bxf5 Kg7 25. Bd3 Rae8 26. Qf2 Qc5 27. Qf4 Kg8 28. Bc1 Bd8 29. Bb2 Bb6 30. Qg5 Bd8 31. Qf4 Bb6 32. Rf2 Re6 33. Bc4 Bd5 34. Bd3 a5 35. Qg5 Bd8 36. Qg3 Kh7 37. Rf4 Bc7 38. Bxd4 Qe7 39. Ref1 Kh8 40. Rh4 Bd8 41. Rhf4 Bc7 42. R1f2 f5 43. exf6 Rfxf6 44. Qxg6 Qg7 45. Bxf6 Rxf6 46. Qxg7+ Kxg7 47. g3 Bxf4 48. Rxf4 Rxf4 49. gxf4 h4 50. Kg1 Kf6 51. Kf2 Be6 52. f5 Bxf5 53. Bxf5 Kxf5 54. Kf3 Ke5 55. Ke3 Kf5 56. c3 bxc3 57. Kd3 Kf4 58. b4 axb4 59. a5 Kg3 60. a6 Kxh3 61. a7 Kh2 62. a8Q h3 63. Qg8 Kh1 64. Qg3 h2 65. Ke2 c2 66. Kf2 1-0